| 000 | 01472nam a2200337Ia 4500 | ||
|---|---|---|---|
| 001 | ebr10167516 | ||
| 003 | CaPaEBR | ||
| 006 | m u | ||
| 007 | cr cn||||||||| | ||
| 008 | 060623s2007 nyua sb 001 0 eng d | ||
| 020 | _z0198571348 (pbk.) : | ||
| 020 | _z9780198571346 (pbk.) : | ||
| 040 |
_aCaPaEBR _cCaPaEBR |
||
| 035 | _a(OCoLC)646050565 | ||
| 050 | 1 | 4 |
_aRA395.D44 _bG74 2007eb |
| 082 | 0 | 4 |
_a362.1091724 _222 |
| 100 | 1 |
_aGreen, Andrew, _d1952- |
|
| 245 | 1 | 3 |
_aAn introduction to health planning for developing health systems _h[electronic resource] / _cAndrew Green. |
| 250 | _a3rd ed. | ||
| 260 |
_aNew York ; _aOxford : _bOxford University Press, _c2007. |
||
| 300 |
_axxvi, 397 p. : _bill. |
||
| 500 | _aPrevious ed.: published as An introduction to health planning in developing countries. 1999. | ||
| 504 | _aIncludes bibliographical references and index. | ||
| 533 |
_aElectronic reproduction. _bPalo Alto, Calif. : _cebrary, _d2009. _nAvailable via World Wide Web. _nAccess may be limited to ebrary affiliated libraries. |
||
| 650 | 0 |
_aHealth planning _zDeveloping countries. |
|
| 650 | 0 |
_aNational health services _zDeveloping countries. |
|
| 655 | 7 |
_aElectronic books. _2local |
|
| 700 | 1 |
_aGreen, Andrew, _d1952- _tIntroduction to health planning in developing countries. |
|
| 710 | 2 | _aebrary, Inc. | |
| 856 | 4 | 0 |
_uhttp://site.ebrary.com/lib/rucke/Doc?id=10167516 _zAn electronic book accessible through the World Wide Web; click to view |
| 999 |
_c247019 _d247019 |
||